| 000 | 00811pam a2200241 4500 | ||
|---|---|---|---|
| 999 |
_c4541 _d4541 |
||
| 001 | 5406 | ||
| 005 | 20190415114821.0 | ||
| 008 | 190415b ||||| |||| 00| 0 eng d | ||
| 010 | _a 86000781 | ||
| 020 | _a0140092331 (pbk.) | ||
| 082 | 0 | 0 |
_a306 M667s 1986 _219 |
| 100 | 1 |
_aMintz, Sidney W. _q(Sidney Wilfred), _d1922-2015. |
|
| 245 | 1 | 0 |
_aSweetness and power : _bthe place of sugar in modern history / _cSidney W. Mintz. |
| 260 |
_aNew York : _bPenguin Books, _c1986, c1985. |
||
| 300 |
_axxx, 274 p., [12] p. of plates : _bill. ; _c20 cm. |
||
| 500 | _a""Elisabeth Sifton books."" | ||
| 500 | _aIncludes index. | ||
| 504 | _aBibliography: p. [215]-227. | ||
| 650 | 0 |
_aSugar _xSocial aspects _xHistory. |
|
| 650 | 0 |
_aSugar trade _xSocial aspects _xHistory. |
|
| 942 |
_2ddc _cMAIN |
||